LDR 00544naa#a2200157#i#450# 001 EN\\bibl\119325 005 20260426125059.7 011 ## _a2782-4586 100 ## _a20260331b2026####ek#y0engy0150####ca 102 ## _aRU 200 1# _aDigital security competencies as a factor in financial behavior of young students: an empirical assessment (using an agricultural university as an example) _eJournal article 210 1# _aMoscow _cITBO University _d2026 215 ## _a6 с. 608 ## _aJournal article _2local 700 #1 _aFrik _gOl'ga Vladimirovna 856 4# _ajomeam.ru _u